Responses for Show #7349 - Thursday, July 21, 2016

Pranjal Vachaspati game 3.

Contestants

[<< previous game]

Kyle Murphy, an I.T. support specialist from Charlotte, North Carolina

Dan Marsh, a supply chain analyst from Corinth, Mississippi

Pranjal Vachaspati, a Ph.D. student originally from Shaker Heights, Ohio (whose 2-day cash winnings total $41,589)

[next game >>]

Jeopardy! Round responses

THE 1970s
(Alex: You're too young to remember.)
TV CHARACTERS
THE LETTER OF THE LAW
PLANES, TRAINS & AUTOMOBILES
POETS & POETRY
NEW TO THE OED
(Alex: The Oxford English Dictionary.)
    $200 20
Chicago

Dan
    $200 21
The Simpsons

Kyle
    $200 15
Murphy's law

Pranjal
    $200 2
a fighter plane

Dan
    $200 7
"The Jabberwocky"

Kyle
    $400 22
the Concorde

Dan
    $400 8
Batgirl

Triple Stumper
    $400 14
(Kyle: The [*] Act.)
(Alex: Say it again.)
(Kyle: [*].)
(Alex: Yes, remember your phrasing, though.)
(Kyle: Oh--oh--what's the [*] Act?)
(Alex: Thank you. [*] Law or Bill. Okay.)

Brady (Law)

Kyle
    $400 3
Murder on the Orient Express

Pranjal
    $400 28
[The end-of-round signal sounds.]

crowdfunding

Pranjal
    $600 23
Farrah Fawcett

Dan
    $600 9
Jesse Pinkman

Kyle
    $600 11
Ohm's law

Kyle
    $600 1
the alternator

Dan
    $600 4
(Pranjal: What is song?)

a tree

PranjalDan
    $600 16
a fireballer

Triple Stumper
    $800 24
(Alex: Yes, with less than a minute now.)

Anthony

Pranjal
    $800 10
Silicon Valley

Pranjal
    $800 12
Boyle's

Pranjal
    $1,400 5
Waterloo (Station)

Dan
    $800 25
the poet laureate

Pranjal
    $800 17
FLOTUS

Pranjal
    $1000 27
(Kyle: Who is Mubarak?)
(Pranjal: Who is Nasser?)
...
(Alex: And who came between those? [*].)

Anwar Sadat

PranjalKyle
Triple Stumper
    $1000 19
Ally McBeal

Triple Stumper
    $1000 13
Megan's Law

Dan
    $1000 6
(Pranjal: What is a Mustang?)
(Kyle: What's a Corvair?)

a Vega

PranjalKyle
Triple Stumper
    $1000 26
(Kyle: Who is Longfellow?)

(Samuel Taylor) Coleridge

PranjalKyle
    $1000 18
a truther

Kyle

Scores at the first commercial break (after clue 15):

Pranjal Dan Kyle
$600 $3,800 $800

Scores at the end of the Jeopardy! Round:

Pranjal Dan Kyle
$3,400 $5,000 $0

Double Jeopardy! Round responses

"S" FIRST & LAST
(Alex: That letter at the beginning and the end of each correct response.)
HISTORICAL FICTION
MISCELLANEOUS
ON BROADWAY
WHAT AILS YA
A SUMMER COLD
    $400 1
a sundress

Dan
    $400 7
Philadelphia

Pranjal
    $400 30
his (security) blanket

Dan
    $400 2
Beauty and the Beast

Dan
    $400 29
laryngitis

Dan
    $400 28
Tallahassee

Dan
    $800 13
serious

Pranjal
    $800 22
the I.R.A.

Kyle
    $800 20
Auntie Anne's

Pranjal
    $800 3
Fiddler on the Roof

Dan
    $800 12
carpal tunnel

Kyle
    $800 27
Siberia

Dan
    $1200 26
a surplus

Kyle
    $1200 14
Gettysburg

Kyle
    $1200 18
a pilot's license

Pranjal
    $1200 4
Steve Martin

Dan
    $2,000 9
muscular dystrophy

Pranjal
    $1200 16
Jamaica

Pranjal
    $4,000 19
a synopsis

Pranjal
    $1600 15
Mutiny on the Bounty

Pranjal
    $1600 8
a second-world country

Triple Stumper
    $1600 5
(Kyle: Oh, hell. [Laughs] Uh...)

West Side Story

Kyle
Triple Stumper
    $1600 10
scoliosis

Pranjal
    $1600 17
[Pranjal gives the response enthusiastically.]

Cleveland

Pranjal
    $2000 23
Soros

Pranjal
    $2000 25
(Dan: Who is Josephine?)
...
(Alex: Josephine was the first wife.)

Marie Louise

Dan
Triple Stumper
    $2000 24
Alpha-Bits

Triple Stumper
    $2000 6
(Pranjal: What is, um... Morning's Journey into Night?)
...
(Pranjal: [Upon hearing the correct response, apparently trying to explain to himself where he got "Morning" from] Mourning Becomes Electra.)

Long Day's Journey into Night

Pranjal
Triple Stumper
    $2000 11
apnea

Kyle
    $2000 21
Mauna Kea

Pranjal

Scores at the end of the Double Jeopardy! Round:

Pranjal Dan Kyle
$20,600 $7,800 $4,400
(lock game)

[wagering suggestions for these scores]

Final Jeopardy! Round responses

RELIGION
(Alex: [To Kyle] A rabbi oversees the ceremony, gets the letters into the cracks in the wall.)
KyleWhat is the wailing wall
$4,398
DanWhat is the Wailing Wall?
$1,001
PranjalWhat is the Wailing Wall?
$4,999
the Wailing Wall

Final scores:

Pranjal Dan Kyle
$25,599 $8,801 $8,798
3-day champion: $67,188 2nd place: $2,000 3rd place: $1,000

Game dynamics:

Coryat scores:

Pranjal Dan Kyle
$17,400 $7,200 $4,400
21 R
(including 2 DDs),
4 W
16 R
(including 1 DD),
1 W
11 R,
4 W

Combined Coryat: $29,000

[game clues] [game scores] [suggest correction]

Game tape date: 2016-04-26
The J! Archive is created by fans, for fans. Scraping, republication, monetization, and malicious use prohibited; this site may use cookies and collect identifying information. See terms. The Jeopardy! game show and all elements thereof, including but not limited to copyright and trademark thereto, are the property of Jeopardy Productions, Inc. and are protected under law. This website is not affiliated with, sponsored by, or operated by Jeopardy Productions, Inc. Join the discussion at JBoard.tv.